| 000 | 00972nam a2200313 i 4500 | ||
|---|---|---|---|
| 999 |
_c200453194 _d71406 |
||
| 001 | 200453194 | ||
| 003 | TR-AnTOB | ||
| 005 | 20230527162020.0 | ||
| 007 | ta | ||
| 008 | 230527s1975 tu bd 00000 tur d | ||
| 040 |
_aB9K _beng _erda _cB9K _dTR-AnTOB |
||
| 041 | 0 | _atur | |
| 043 | _aa-tu--- | ||
| 050 | 0 | 0 |
_aCS3040 _b.G46 1975 |
| 090 |
_aRARE CS3040 _b.G46 1975 |
||
| 100 | 1 |
_aGençosman, Kemal Zeki _eauthor. _9119686 |
|
| 245 | 1 | 0 |
_aTürk isimleri sözlüğü / _cKemal Zeki Gençosman. |
| 264 | 1 |
_aİstanbul : _bHürriyet Yayınları, _c1975. |
|
| 300 |
_a234 pages ; _c21 cm |
||
| 336 |
_atext _btxt _2rdacontent |
||
| 337 |
_aunmediated _bn _2rdamedia |
||
| 338 |
_avolume _bnc _2rdacarrier |
||
| 490 | 0 |
_aHürriyet Yayınları ; _v120, |
|
| 650 | 7 |
_aİsimler, Türk _vSözlükler _2etuturkob _9142086 |
|
| 830 | 0 |
_aHürriyet yayınları ; _v120. |
|
| 830 | 0 |
_aHürriyet yayınları. _pDanışma dizisi ; _v13. |
|
| 942 |
_2lcc _cBK |
||